LEADER 05333nam 2200721Ia 450 001 9910784622803321 005 20230929201457.0 010 $a0-674-02082-0 024 7 $a10.4159/9780674020825 035 $a(CKB)1000000000396563 035 $a(dli)HEB00069 035 $a(SSID)ssj0000084488 035 $a(PQKBManifestationID)11123695 035 $a(PQKBTitleCode)TC0000084488 035 $a(PQKBWorkID)10168761 035 $a(PQKB)10241281 035 $a(SSID)ssj0000197592 035 $a(PQKBManifestationID)12042907 035 $a(PQKBTitleCode)TC0000197592 035 $a(PQKBWorkID)10160605 035 $a(PQKB)11749683 035 $a(MiAaPQ)EBC3300728 035 $a(Au-PeEL)EBL3300728 035 $a(CaPaEBR)ebr10331314 035 $a(OCoLC)923117025 035 $a(DE-B1597)584841 035 $a(DE-B1597)9780674020825 035 $a(MiU)MIU01000000000000003603071 035 $a(OCoLC)1322125648 035 $a(EXLCZ)991000000000396563 100 $a19980403d1998 uy 0 101 0 $aeng 135 $aurmnummmmuuuu 181 $ctxt 182 $cc 183 $acr 200 10$aMany thousands gone$b[electronic resource] $ethe first two centuries of slavery in North America /$fIra Berlin 210 $aCambridge, MA $cBelknap Press of Harvard University Press$d1998 215 $a1 online resource (x, 497 p. )$cill., maps ; 300 $aBibliographic Level Mode of Issuance: Monograph 311 $a0-674-00211-3 311 $a0-674-81092-9 320 $aIncludes bibliographical references (p. 379-485) and index. 327 $tFrontmatter -- $tContents -- $tPrologue: Making Slavery, Making Race -- $tI. SOCIETIES WITH SLAVES: The Charter Generations -- $tIntroduction -- $t1. Emergence of Atlantic Creoles in the Chesapeake -- $t2. Expansion of Creole Society in the North -- $t3. Divergent Paths in the Lowcountry -- $t4. Devolution in the Lower Mississippi Valley -- $tII. SLAVE SOCIETIES: The Plantation Generations -- $tIntroduction -- $t5. The Tobacco Revolution in the Chesapeake -- $t6. The Rice Revolution in the Lowcountry -- $t7. Growth and the Transformation of Black Life in the North -- $t8. Stagnation and Transformation in the Lower Mississippi Valley -- $tIII. SLAVE AND FREE: The Revolutionary Generations -- $tIntroduction -- $t9. The Slow Death of Slavery in the North -- $t10. The Union of African-American Society in the Upper South -- $t11. Fragmentation in the Lower South -- $t12. Slavery and Freedom in the Lower Mississippi Valley -- $tEpilogue: Making Race, Making Slavery -- $tTables -- $tAbbreviations -- $tNotes -- $tAcknowledgments -- $tIndex 330 $aToday most Americans, black and white, identify slavery with cotton, the deep South, and the African-American church. But at the beginning of the nineteenth century, after almost two hundred years of African-American life in mainland North America, few slaves grew cotton, lived in the deep South, or embraced Christianity. Many Thousands Gone traces the evolution of black society from the first arrivals in the early seventeenth century through the Revolution. In telling their story, Ira Berlin, a leading historian of southern and African-American life, reintegrates slaves into the history of the American working class and into the tapestry of our nation. Laboring as field hands on tobacco and rice plantations, as skilled artisans in port cities, or soldiers along the frontier, generation after generation of African Americans struggled to create a world of their own in circumstances not of their own making. In a panoramic view that stretches from the North to the Chesapeake Bay and Carolina lowcountry to the Mississippi Valley, Many Thousands Gone reveals the diverse forms that slavery and freedom assumed before cotton was king. We witness the transformation that occurred as the first generations of creole slaves?who worked alongside their owners, free blacks, and indentured whites?gave way to the plantation generations, whose back-breaking labor was the sole engine of their society and whose physical and linguistic isolation sustained African traditions on American soil. As the nature of the slaves? labor changed with place and time, so did the relationship between slave and master, and between slave and society. In this fresh and vivid interpretation, Berlin demonstrates that the meaning of slavery and of race itself was continually renegotiated and redefined, as the nation lurched toward political and economic independence and grappled with the Enlightenment ideals that had inspired its birth. 410 0$aACLS Humanities E-Book. 606 $aSlavery$zUnited States$xHistory$y17th century 606 $aSlavery$zUnited States$xHistory$y18th century 606 $aAfrican Americans$xSocial conditions$y17th century 606 $aAfrican Americans$xSocial conditions$y18th century 615 0$aSlavery$xHistory 615 0$aSlavery$xHistory 615 0$aAfrican Americans$xSocial conditions 615 0$aAfrican Americans$xSocial conditions 676 $a306.3/62/097309032 700 $aBerlin$b Ira$f1941-2018.$0242294 801 0$bMiAaPQ 801 1$bMiAaPQ 801 2$bMiAaPQ 906 $aBOOK 912 $a9910784622803321 996 $aMany thousands gone$92382686 997 $aUNINA LEADER 02644oam 2200577 c 450 001 9910563070603321 005 20240525094506.0 024 7 $a10.3726/b12735 035 $a(CKB)4340000000238782 035 $a(oapen)https://directory.doabooks.org/handle/20.500.12854/28805 035 $a(PH02)9783954792122 035 $a(oapen)doab28805 035 $a(EXLCZ)994340000000238782 100 $a20240525d1988 uy 0 101 0 $ager 135 $aurnnunnnannuu 181 $ctxt$2rdacontent 182 $cc$2rdamedia 183 $acr$2rdacarrier 200 10$aGottmenschentum und Menschgottum$eZur Auseinandersetzung von Christentum und Atheismus im russischen Denken$fVera Ammer 205 $a1st, New ed. 210 $aFrankfurt a.M$cPH02$d1988 215 $a1 online resource (243 p.)$c, EPDF 225 0 $aSlavistische Beitra?ge$v228 300 $aPeter Lang GmbH, Internationaler Verlag der Wissenschaften 311 08$a3-95479-212-5 327 $aEinleitung - Vorgaben der Auseinandersetzung (in Rußland und Deutschland) - Vorbemerkung zu Begriff und Geschichte von "Gottmenschentum" und "Vergottung / Vergo?ttlichung" - Ausgangssituation des 19. Jahrhunderts in Rußland - Michail Bakunin - Vissarion G. Belinskij - "Menschgottum" in der deutschen Philosophie - Exkurs. S. Bulgakov - A. I. Herzen - Die große Auseinandersetzung um Gottmenschentum und Menschgottum - F. M. Dostoevskij - V. S. Solov'ev - Schlußbetrachtung 330 $aDie vorliegende Arbeit ist einem Thema gewidmet, das im vorigen Jahrhundert in der russischen Philosophie eine zentrale Stellung einnahm: der Auseinandersetzung zwischen Gottmenschentum und Menschgottum. Das ist die spezifisch russische Fassung der Kontroverse zwischen Christentum und Atheismus, die in dieser Form und Scha?rfe nur vor dem Hintergrund der ostkirchlichen Tradition denkbar ist, d.h. eines Christentums, das sich als Religion der Vergo?ttlichung begreift. 517 $aGottmenschentum und Menschgottum 606 $aReligion & beliefs$2bicssc 610 $aAmmer 610 $aAtheismus 610 $aAuseinandersetzung 610 $aChristentum 610 $aDenken 610 $aGeschichte 610 $aGottmenschentum 610 $aMenschgottum 610 $aReligion 610 $arussischen 610 $aRussland 610 $aSlavische Sprachwissenschaft 610 $aTheologie 615 7$aReligion & beliefs 700 $aAmmer$b Vera$4aut$01331532 801 0$bPH02 801 1$bPH02 906 $aBOOK 912 $a9910563070603321 996 $aGottmenschentum und Menschgottum$93040418 997 $aUNINA